书目信息 |
| 题名: |
批判哲学的批判
|
|
| 作者: | 李泽厚 著 | |
| 分册: | ||
| 出版信息: | 北京 人民出版社 1979.03 |
|
| 页数: | 458页 | |
| 开本: | 21cm | |
| 丛书名: | ||
| 单 册: | ||
| 中图分类: | B516.31 | |
| 科图分类: | ||
| 主题词: | 哲学--欧洲 | |
| 电子资源: | ||
| ISBN: | ||
| 000 | 00568nam0 2200205 45 | |
| 001 | 0181023910 | |
| 005 | 20060706153359.32 | |
| 010 | @dCNY1.35 | |
| 091 | @a2001.175 | |
| 100 | @a20810111d1979 km y0chiy0120 ea | |
| 101 | 0 | @achi |
| 200 | 1 | @a批判哲学的批判@APi Pan Zhe Xue De Pi Pan@e康德述评@f李泽厚著@FLi Ze Hou Zhu@EKang De Shu Ping |
| 210 | @a北京@c人民出版社@d1979.03 | |
| 215 | @a458页@d21cm | |
| 517 | @a康德述评@AKang De Shu Ping | |
| 606 | 0 | @a哲学@x欧洲 |
| 690 | @aB516.31@v3 | |
| 701 | 0 | @a李泽厚@4著 |
| 801 | @aCN@bTSTC@c20060706 | |
| 905 | @dB516.31@e10 | |
| 批判哲学的批判:康德述评/李泽厚著.-北京:人民出版社,1979.03 |
| 458页;21cm |
| ISBN :CNY1.35 |
| ● |
| 相关链接 |
|
|
|
|
正题名:批判哲学的批判
索取号:B516.31/10
 
预约/预借
| 序号 | 登录号 | 条形码 | 馆藏地/架位号 | 状态 | 备注 |
| 1 | 0032742 | 001849290 | 密集书库/ [索取号:B516.31/10] | 在馆 | |
| 2 | 0421672 | 204216721 | 密集书库/ [索取号:B516.31/10] | 在馆 |